[Event "DVM U20w 2022"]
[Site "Münster GER"]
[Date "2022.12.30"]
[Round "7"]
[White "Xie, Kelly"]
[Black "Grining, Maria"]
[Result "0-1"]
[Termination "normal"]
[Board "4.2"]
[WhiteElo "966"]
[BlackElo "1758"]
[WhiteClock "00:53:33"]
[BlackClock "00:55:23"]
[WhiteTeam "SV Bad Oldesloe"]
[BlackTeam "Karlsruher SF 1853 1"]
[PlyCount "84"]
[WhiteFideId "34628444"]
[BlackFideId "16235037"]
[EventCountry "GER"]
[EventRounds "7"]
[EventType "team-swiss"]
[EventDate "2022.12.26"]

1. e4 {[%clk 01:30:58]} {[%emt 00:00:02]} d5 {[%clk 01:30:53]} {[%emt
00:00:07]} 2. exd5 {[%clk 01:31:05]} {[%emt 00:00:22]} Qxd5 {[%clk 01:31:17]}
{[%emt 00:00:06]} 3. Nc3 {[%clk 01:31:20]} {[%emt 00:00:15]} Qa5 {[%clk
01:30:32]} {[%emt 00:01:15]} 4. d4 {[%clk 01:31:21]} {[%emt 00:00:29]} c6
{[%clk 01:30:56]} {[%emt 00:00:07]} 5. g3 {[%clk 01:30:36]} {[%emt 00:01:15]}
g6 {[%clk 01:31:11]} {[%emt 00:00:14]} 6. Bg2 {[%clk 01:30:56]} {[%emt
00:00:10]} Bg7 {[%clk 01:31:30]} {[%emt 00:00:11]} 7. Nge2 {[%clk 01:31:17]}
{[%emt 00:00:10]} Nf6 {[%clk 01:31:42]} {[%emt 00:00:18]} 8. Bd2 {[%clk
01:31:18]} {[%emt 00:00:29]} Qd8 {[%clk 01:31:50]} {[%emt 00:00:21]} 9. O-O
{[%clk 01:31:24]} {[%emt 00:00:23]} O-O {[%clk 01:32:08]} {[%emt 00:00:12]} 10.
Nf4 {[%clk 01:27:15]} {[%emt 00:04:38]} Qxd4 {[%clk 01:31:04]} {[%emt
00:01:35]} 11. Re1 {[%clk 01:24:36]} {[%emt 00:03:08]} e5 {[%clk 01:29:31]}
{[%emt 00:02:04]} 12. Nd3 {[%clk 01:23:02]} {[%emt 00:02:04]} Nbd7 {[%clk
01:28:29]} {[%emt 00:01:33]} 13. Qf3 {[%clk 01:17:14]} {[%emt 00:06:18]} Qd6
{[%clk 01:23:45]} {[%emt 00:05:13]} 14. Re2 {[%clk 01:15:54]} {[%emt 00:01:49]}
Ne8 {[%clk 01:19:49]} {[%emt 00:04:27]} 15. Rae1 {[%clk 01:14:48]} {[%emt
00:01:35]} f5 {[%clk 01:15:02]} {[%emt 00:05:18]} 16. Re3 {[%clk 01:10:09]}
{[%emt 00:05:09]} e4 {[%clk 01:13:17]} {[%emt 00:02:15]} 17. Nxe4 {[%clk
01:10:08]} {[%emt 00:00:31]} fxe4 {[%clk 01:13:42]} {[%emt 00:00:06]} 18. Qxe4
{[%clk 01:10:17]} {[%emt 00:00:20]} Ndf6 {[%clk 01:09:12]} {[%emt 00:05:00]}
19. Qc4 {[%clk 01:07:17]} {[%emt 00:03:29]} Kh8 {[%clk 01:09:23]} {[%emt
00:00:20]} 20. Bc3 {[%clk 01:07:24]} {[%emt 00:00:23]} a5 {[%clk 01:01:51]}
{[%emt 00:08:02]} 21. Bxf6 {[%clk 01:06:19]} {[%emt 00:01:35]} Nxf6 {[%clk
01:02:03]} {[%emt 00:00:19]} 22. a4 {[%clk 01:03:16]} {[%emt 00:03:32]} Bf5
{[%clk 01:01:02]} {[%emt 00:01:32]} 23. Ne5 {[%clk 01:00:57]} {[%emt 00:02:49]}
Nd5 {[%clk 00:58:13]} {[%emt 00:03:19]} 24. Rd1 {[%clk 00:57:40]} {[%emt
00:03:47]} Bxe5 {[%clk 00:58:09]} {[%emt 00:00:34]} 25. Bxd5 {[%clk 00:56:50]}
{[%emt 00:01:19]} cxd5 {[%clk 00:56:39]} {[%emt 00:02:00]} 26. Rxd5 {[%clk
00:56:55]} {[%emt 00:00:25]} Qc7 {[%clk 00:56:59]} {[%emt 00:00:10]} 27. Rc5
{[%clk 00:56:08]} {[%emt 00:01:18]} Qf7 {[%clk 00:55:38]} {[%emt 00:01:51]} 28.
Qxf7 {[%clk 00:55:54]} {[%emt 00:18:27]} Rxf7 {[%clk 00:56:04]} 29. Rcxe5
{[%clk 00:56:10]} Bxc2 {[%clk 00:55:58]} 30. Ra3 {[%clk 00:53:42]} Rc7 {[%clk
00:53:58]} 31. Rd5 {[%clk 00:52:33]} Be4 {[%clk 00:53:31]} 32. Rd1 {[%clk
00:52:41]} Rac8 {[%clk 00:53:08]} 33. Raa1 {[%clk 00:52:38]} Bf3 {[%clk
00:52:59]} 34. Re1 {[%clk 00:52:44]} Rc2 {[%clk 00:53:15]} 35. b3 {[%clk
00:52:23]} Rb2 {[%clk 00:53:00]} 36. Rab1 {[%clk 00:52:30]} Rcc2 {[%clk
00:53:17]} 37. Rxb2 Rxb2 {[%clk 00:53:42]} 38. Kf1 {[%clk 00:52:49]} Rxb3
{[%clk 00:54:00]} 39. Re3 {[%clk 00:52:49]} Rxe3 {[%clk 00:54:14]} 40. fxe3
{[%clk 00:53:13]} Bd1 {[%clk 00:54:39]} 41. Kf2 {[%clk 00:53:27]} Bxa4 {[%clk
00:55:05]} 42. h4 {[%clk 00:53:33]} b5 {[%clk 00:55:23]} 0-1

[Event "DVM U20w 2022"]
[Site "Münster GER"]
[Date "2022.12.30"]
[Round "7"]
[White "Bykov, Ilona"]
[Black "Yilmaz, Zilan"]
[Result "1-0"]
[Termination "normal"]
[Board "4.3"]
[WhiteElo "1452"]
[BlackElo "696"]
[WhiteClock "01:08:16"]
[BlackClock "01:14:52"]
[WhiteTeam "Karlsruher SF 1853 1"]
[BlackTeam "SV Bad Oldesloe"]
[PlyCount "77"]
[WhiteFideId "12964433"]
[BlackFideId "34640142"]
[EventCountry "GER"]
[EventRounds "7"]
[EventType "team-swiss"]
[EventDate "2022.12.26"]

1. d4 {[%clk 01:30:46]} {[%emt 00:00:12]} d5 {[%clk 01:30:39]} {[%emt
00:00:22]} 2. Nf3 {[%clk 01:30:57]} {[%emt 00:00:20]} Nf6 {[%clk 01:30:54]}
{[%emt 00:00:14]} 3. Bg5 {[%clk 01:30:46]} {[%emt 00:00:41]} e6 {[%clk
01:29:11]} {[%emt 00:02:12]} 4. e3 {[%clk 01:28:11]} {[%emt 00:03:05]} Be7
{[%clk 01:29:22]} {[%emt 00:00:19]} 5. Bd3 {[%clk 01:27:50]} {[%emt 00:00:51]}
h6 {[%clk 01:29:05]} {[%emt 00:00:47]} 6. Bh4 {[%clk 01:19:35]} {[%emt
00:08:45]} O-O {[%clk 01:28:48]} {[%emt 00:00:47]} 7. O-O {[%clk 01:19:25]}
{[%emt 00:00:40]} Bd7 {[%clk 01:28:21]} {[%emt 00:00:57]} 8. Nbd2 {[%clk
01:19:13]} {[%emt 00:00:42]} Nc6 {[%clk 01:27:54]} {[%emt 00:00:57]} 9. c4
{[%clk 01:19:09]} {[%emt 00:00:35]} b6 {[%clk 01:27:47]} {[%emt 00:00:37]} 10.
cxd5 {[%clk 01:06:59]} {[%emt 00:12:40]} exd5 {[%emt 00:00:39]} 11. Rc1 {[%clk
01:05:43]} {[%emt 00:01:37]} a6 {[%clk 01:26:06]} {[%emt 00:02:11]} 12. a3
{[%clk 01:05:42]} {[%emt 00:00:31]} Re8 {[%clk 01:26:17]} {[%emt 00:00:18]} 13.
Bb1 {[%clk 01:04:38]} {[%emt 00:01:35]} Rc8 {[%clk 01:18:37]} {[%emt 00:08:10]}
14. Qc2 {[%clk 01:04:46]} {[%emt 00:00:23]} g6 {[%clk 01:18:28]} {[%emt
00:00:39]} 15. Ba2 {[%clk 01:03:28]} {[%emt 00:01:49]} Be6 {[%clk 01:18:22]}
{[%emt 00:00:36]} 16. Qxc6 {[%clk 01:03:31]} {[%emt 00:00:27]} Qd7 {[%clk
01:18:12]} {[%emt 00:00:40]} 17. Qxd7 {[%clk 01:03:48]} {[%emt 00:00:13]} Nxd7
{[%clk 01:18:13]} {[%emt 00:00:28]} 18. Bxe7 {[%clk 01:04:14]} {[%emt
00:00:04]} Rxe7 {[%clk 01:18:22]} {[%emt 00:00:22]} 19. Rc3 {[%clk 01:03:28]}
{[%emt 00:01:16]} Nf6 {[%clk 01:16:44]} {[%emt 00:02:07]} 20. Rfc1 {[%clk
01:03:15]} {[%emt 00:00:43]} Bd7 {[%clk 01:16:51]} {[%emt 00:00:24]} 21. Rxc7
{[%clk 01:03:16]} {[%emt 00:00:29]} Rxc7 {[%clk 01:17:04]} {[%emt 00:00:17]}
22. Rxc7 {[%clk 01:03:45]} Kf8 {[%clk 01:16:51]} {[%emt 00:00:44]} 23. Ne5
{[%clk 01:03:55]} {[%emt 00:00:19]} h5 {[%clk 01:15:19]} {[%emt 00:02:02]} 24.
Nxd7 {[%clk 01:04:12]} {[%emt 00:00:13]} Nxd7 {[%clk 01:15:24]} {[%emt
00:00:25]} 25. Bxd5 {[%clk 01:04:21]} {[%emt 00:00:21]} Ke8 {[%clk 01:15:01]}
{[%emt 00:00:51]} 26. Bc6 {[%clk 01:04:32]} {[%emt 00:00:20]} Kd8 {[%clk
01:14:31]} {[%emt 00:01:00]} 27. Rxd7 {[%clk 01:04:57]} {[%emt 00:00:06]} Rxd7
{[%clk 01:14:29]} {[%emt 00:00:32]} 28. Bxd7 {[%clk 01:05:26]} {[%emt
00:00:01]} Kxd7 {[%clk 01:14:40]} {[%emt 00:00:18]} 29. Nc4 {[%clk 01:05:55]}
b5 {[%clk 01:15:02]} {[%emt 00:00:09]} 30. Ne5 {[%clk 01:06:05]} {[%emt
00:00:19]} Ke6 {[%clk 01:15:10]} {[%emt 00:00:23]} 31. Kf1 {[%clk 01:06:11]}
{[%emt 00:00:23]} f6 {[%clk 01:15:21]} {[%emt 00:00:20]} 32. Nxg6 {[%clk
01:06:34]} {[%emt 00:00:06]} a5 {[%clk 01:15:11]} {[%emt 00:00:40]} 33. Nf4
{[%clk 01:06:55]} {[%emt 00:00:09]} Kf5 {[%clk 01:15:18]} {[%emt 00:00:22]} 34.
Nxh5 {[%clk 01:07:18]} {[%emt 00:00:07]} Kg6 {[%clk 01:15:11]} {[%emt
00:00:36]} 35. Nf4 {[%clk 01:07:37]} {[%emt 00:00:13]} Kf5 {[%clk 01:15:22]}
{[%emt 00:00:19]} 36. Ke2 {[%clk 01:07:54]} {[%emt 00:00:13]} b4 {[%clk
01:15:36]} {[%emt 00:00:17]} 37. axb4 {[%clk 01:08:07]} {[%emt 00:00:16]} axb4
{[%clk 01:15:52]} {[%emt 00:00:14]} 38. Kd3 {[%clk 01:08:24]} {[%emt 00:00:14]}
b3 {[%clk 01:14:52]} {[%emt 00:01:30]} 39. Kc4 {[%clk 01:08:16]} 1-0

[Event "DVM U20w 2022"]
[Site "Münster GER"]
[Date "2022.12.30"]
[Round "7"]
[White "Mohammed Dawed, Lizan"]
[Black "Eichhorn, Elisabeth"]
[Result "0-1"]
[Termination "normal"]
[Board "4.4"]
[WhiteElo "816"]
[BlackElo "1330"]
[WhiteClock "01:17:35"]
[BlackClock "00:48:38"]
[WhiteTeam "SV Bad Oldesloe"]
[BlackTeam "Karlsruher SF 1853 1"]
[PlyCount "74"]
[WhiteFideId "34628401"]
[BlackFideId "16235070"]
[EventCountry "GER"]
[EventRounds "7"]
[EventType "team-swiss"]
[EventDate "2022.12.26"]

1. e4 {[%clk 01:30:19]} {[%emt 00:00:40]} c5 {[%clk 01:30:56]} {[%emt
00:00:04]} 2. Nc3 {[%clk 01:30:32]} {[%emt 00:00:17]} d6 {[%clk 01:31:12]}
{[%emt 00:00:14]} 3. Nf3 {[%clk 01:30:15]} {[%emt 00:00:48]} Nf6 {[%clk
01:31:36]} {[%emt 00:00:06]} 4. Be2 {[%clk 01:29:32]} {[%emt 00:01:14]} g6
{[%clk 01:31:33]} {[%emt 00:00:32]} 5. b3 {[%clk 01:29:24]} {[%emt 00:00:37]}
Bg7 {[%clk 01:31:40]} {[%emt 00:00:23]} 6. d3 {[%clk 01:28:38]} {[%emt
00:01:16]} Nxe4 {[%clk 01:30:32]} {[%emt 00:01:39]} 7. dxe4 {[%clk 01:26:44]}
{[%emt 00:02:24]} Bxc3 {[%clk 01:30:42]} {[%emt 00:00:19]} 8. Bd2 {[%clk
01:26:57]} {[%emt 00:00:17]} Bxa1 {[%clk 01:30:01]} {[%emt 00:01:11]} 9. Qxa1
{[%clk 01:27:07]} {[%emt 00:00:20]} Rg8 {[%clk 01:28:33]} {[%emt 00:01:58]} 10.
Bc4 {[%clk 01:25:56]} {[%emt 00:01:41]} e6 {[%clk 01:26:04]} {[%emt 00:02:59]}
11. Bg5 {[%clk 01:24:46]} {[%emt 00:01:41]} Qb6 {[%clk 01:24:01]} {[%emt
00:02:32]} 12. Qf6 {[%clk 01:24:05]} {[%emt 00:01:12]} Nc6 {[%clk 01:21:45]}
{[%emt 00:02:45]} 13. Bh4 {[%clk 01:23:15]} {[%emt 00:01:21]} h6 {[%clk
01:17:42]} {[%emt 00:04:33]} 14. Bd5 {[%clk 01:22:30]} {[%emt 00:01:15]} Qc7
{[%clk 01:14:49]} {[%emt 00:03:22]} 15. Bxc6 {[%clk 01:22:23]} {[%emt
00:00:38]} bxc6 {[%clk 01:15:12]} {[%emt 00:00:07]} 16. O-O {[%clk 01:22:05]}
{[%emt 00:00:48]} a5 {[%clk 01:15:12]} {[%emt 00:00:29]} 17. Rd1 {[%clk
01:21:32]} {[%emt 00:01:04]} Ra7 {[%clk 01:08:05]} {[%emt 00:07:36]} 18. Ne5
{[%clk 01:21:30]} {[%emt 00:00:34]} g5 {[%clk 01:02:16]} {[%emt 00:06:18]} 19.
Bg3 {[%clk 01:18:42]} {[%emt 00:03:18]} dxe5 {[%clk 00:59:30]} {[%emt
00:03:15]} 20. Bxe5 {[%clk 01:18:44]} {[%emt 00:00:29]} Qe7 {[%clk 00:58:49]}
{[%emt 00:01:11]} 21. Qxh6 {[%clk 01:18:22]} {[%emt 00:00:52]} Rd7 {[%clk
00:57:38]} {[%emt 00:01:40]} 22. Rxd7 {[%clk 01:18:04]} {[%emt 00:00:48]} Qxd7
{[%clk 00:56:40]} {[%emt 00:01:27]} 23. h3 {[%clk 01:18:16]} {[%emt 00:00:19]}
Qe7 {[%clk 00:55:52]} {[%emt 00:01:17]} 24. Bf6 {[%clk 01:18:24]} {[%emt
00:00:22]} Qf8 {[%clk 00:53:37]} {[%emt 00:02:45]} 25. Bxg5 {[%clk 01:18:30]}
{[%emt 00:00:26]} Qxh6 {[%clk 00:53:27]} {[%emt 00:00:39]} 26. Bxh6 {[%clk
01:18:47]} {[%emt 00:00:14]} Ba6 {[%clk 00:53:21]} {[%emt 00:00:36]} 27. e5
{[%clk 01:18:44]} {[%emt 00:00:33]} Kd7 {[%clk 00:51:18]} {[%emt 00:02:32]} 28.
Be3 {[%clk 01:18:54]} {[%emt 00:00:20]} c4 {[%clk 00:51:22]} {[%emt 00:00:27]}
29. Bc5 {[%clk 01:19:16]} {[%emt 00:00:08]} cxb3 {[%clk 00:48:53]} {[%emt
00:02:58]} 30. cxb3 {[%clk 01:19:35]} {[%emt 00:00:11]} Ra8 {[%clk 00:49:04]}
{[%emt 00:00:18]} 31. h4 {[%clk 01:20:00]} {[%emt 00:00:07]} Bd3 {[%clk
00:48:07]} {[%emt 00:01:26]} 32. g4 {[%clk 01:20:00]} {[%emt 00:00:30]} Rh8
{[%clk 00:47:37]} {[%emt 00:01:00]} 33. Bb6 {[%clk 01:18:35]} {[%emt 00:01:55]}
Rxh4 {[%clk 00:47:52]} {[%emt 00:00:15]} 34. g5 {[%clk 01:19:04]} {[%emt
00:00:02]} Rg4 {[%clk 00:48:05]} {[%emt 00:00:16]} 35. Kh2 {[%clk 01:19:01]}
{[%emt 00:00:05]} Rxg5 {[%clk 00:48:35]} 36. Bxa5 {[%clk 01:18:50]} {[%emt
00:01:10]} Rxe5 {[%clk 00:48:39]} {[%emt 00:00:25]} 37. Kg3 {[%clk 01:17:35]}
{[%emt 00:01:47]} Rxa5 {[%clk 00:48:38]} {[%emt 00:00:30]} 0-1

[Event "DVM U20w 2022"]
[Site "Münster GER"]
[Date "2022.12.30"]
[Round "7"]
[White "Henninger, Claire"]
[Black "Wolterink, Jule"]
[Result "1-0"]
[Termination "normal"]
[Board "5.1"]
[WhiteElo "1534"]
[BlackElo "1424"]
[WhiteClock "00:27:15"]
[BlackClock "00:45:35"]
[WhiteTeam "Karlsruher SF 1853 2"]
[BlackTeam "SK Lehrte von 1919 e. V."]
[PlyCount "51"]
[WhiteFideId "16200659"]
[BlackFideId "12981206"]
[EventCountry "GER"]
[EventRounds "7"]
[EventType "team-swiss"]
[EventDate "2022.12.26"]

1. e4 {[%clk 01:30:57]} {[%emt 00:00:02]} e6 {[%clk 01:30:54]} {[%emt
00:00:07]} 2. d4 {[%clk 01:31:24]} {[%emt 00:00:04]} d5 {[%clk 01:31:20]}
{[%emt 00:00:04]} 3. Nd2 {[%clk 01:31:46]} {[%emt 00:00:07]} dxe4 {[%clk
01:31:44]} {[%emt 00:00:07]} 4. Nxe4 {[%clk 01:32:07]} {[%emt 00:00:08]} Nd7
{[%clk 01:32:03]} {[%emt 00:00:11]} 5. Nf3 {[%clk 01:32:21]} {[%emt 00:00:16]}
Ngf6 {[%clk 01:31:57]} {[%emt 00:00:36]} 6. Nxf6 {[%clk 01:32:25]} {[%emt
00:00:26]} Nxf6 {[%clk 01:32:21]} {[%emt 00:00:05]} 7. Bd3 {[%clk 01:32:28]}
{[%emt 00:00:27]} Be7 {[%clk 01:31:25]} {[%emt 00:01:27]} 8. O-O {[%clk
01:32:11]} {[%emt 00:00:46]} O-O {[%clk 01:31:38]} {[%emt 00:00:17]} 9. c3
{[%clk 01:31:10]} {[%emt 00:01:31]} b6 {[%clk 01:31:25]} {[%emt 00:00:43]} 10.
Re1 {[%clk 01:24:57]} {[%emt 00:06:42]} Bb7 {[%clk 01:29:58]} {[%emt 00:01:58]}
11. Bg5 {[%clk 01:22:15]} {[%emt 00:03:11]} c5 {[%clk 01:26:17]} {[%emt
00:04:11]} 12. dxc5 {[%clk 01:18:42]} {[%emt 00:04:03]} Bxc5 {[%clk 01:26:29]}
{[%emt 00:00:18]} 13. h3 {[%clk 01:08:41]} {[%emt 00:10:29]} h6 {[%clk
01:22:49]} {[%emt 00:04:11]} 14. Bh4 {[%clk 01:05:52]} {[%emt 00:03:19]} Kh8
{[%clk 01:17:15]} {[%emt 00:06:04]} 15. Qe2 {[%clk 01:04:34]} {[%emt 00:01:46]}
Be7 {[%clk 01:14:49]} {[%emt 00:02:58]} 16. Rad1 {[%clk 01:01:45]} {[%emt
00:03:19]} Qc7 {[%clk 01:12:39]} {[%emt 00:02:40]} 17. Bb1 {[%clk 00:55:11]}
{[%emt 00:07:04]} Rfd8 {[%clk 01:09:31]} {[%emt 00:03:38]} 18. Qc2 {[%clk
00:45:51]} {[%emt 00:09:49]} g6 {[%clk 01:02:09]} {[%emt 00:07:53]} 19. Ne5
{[%clk 00:41:17]} {[%emt 00:05:04]} Rf8 {[%clk 00:53:15]} {[%emt 00:18:34]} 20.
Bxf6 Bxf6 {[%clk 00:52:23]} 21. Rd7 {[%clk 00:31:48]} {[%emt 00:02:37]} Qc5
{[%clk 00:45:19]} {[%emt 00:07:35]} 22. Nxf7 {[%clk 00:27:29]} {[%emt
00:04:49]} Rxf7 {[%clk 00:45:15]} {[%emt 00:00:34]} 23. Rxf7 {[%clk 00:27:33]}
{[%emt 00:00:26]} Qf5 {[%clk 00:45:03]} {[%emt 00:00:42]} 24. Qxf5 {[%clk
00:27:31]} {[%emt 00:00:32]} exf5 {[%clk 00:45:23]} {[%emt 00:00:10]} 25. Rxf6
{[%clk 00:27:08]} {[%emt 00:00:52]} Kg7 {[%clk 00:45:35]} {[%emt 00:00:19]} 26.
Rd6 {[%clk 00:27:15]} {[%emt 00:00:24]} 1-0

[Event "DVM U20w 2022"]
[Site "Münster GER"]
[Date "2022.12.30"]
[Round "7"]
[White "Strübel, Katharina"]
[Black "Shevchenko, Alyona"]
[Result "0-1"]
[Termination "normal"]
[Board "5.2"]
[WhiteElo "1325"]
[BlackElo "1342"]
[WhiteClock "00:20:26"]
[BlackClock "00:24:09"]
[WhiteTeam "SK Lehrte von 1919 e. V."]
[BlackTeam "Karlsruher SF 1853 2"]
[PlyCount "110"]
[WhiteFideId "16284879"]
[BlackFideId "12983420"]
[EventCountry "GER"]
[EventRounds "7"]
[EventType "team-swiss"]
[EventDate "2022.12.26"]

1. e4 {[%clk 01:30:57]} {[%emt 00:00:02]} c6 {[%clk 01:30:42]} {[%emt
00:00:18]} 2. d4 {[%clk 01:31:22]} {[%emt 00:00:06]} d5 {[%clk 01:31:10]}
{[%emt 00:00:02]} 3. e5 {[%clk 01:31:46]} {[%emt 00:00:06]} Bf5 {[%clk
01:31:21]} {[%emt 00:00:19]} 4. g4 {[%clk 01:32:07]} {[%emt 00:00:09]} Bg6
{[%clk 01:28:24]} {[%emt 00:03:27]} 5. h4 {[%clk 01:32:29]} {[%emt 00:00:07]}
h5 {[%clk 01:28:08]} {[%emt 00:00:47]} 6. e6 {[%clk 01:32:45]} {[%emt
00:00:14]} fxe6 {[%clk 01:26:06]} {[%emt 00:02:32]} 7. Bd3 {[%clk 01:33:00]}
{[%emt 00:00:14]} Bf7 {[%clk 01:23:13]} {[%emt 00:03:24]} 8. g5 {[%clk
01:32:04]} {[%emt 00:01:26]} g6 {[%clk 01:21:45]} {[%emt 00:01:57]} 9. Nf3
{[%clk 01:30:37]} {[%emt 00:01:57]} Nd7 {[%clk 01:20:20]} {[%emt 00:02:01]} 10.
Bf4 {[%clk 01:28:51]} {[%emt 00:02:08]} Bg7 {[%clk 01:10:46]} {[%emt 00:10:05]}
11. c3 {[%clk 01:24:00]} {[%emt 00:05:21]} e5 {[%clk 01:10:25]} {[%emt
00:00:52]} 12. dxe5 {[%clk 01:15:13]} {[%emt 00:09:17]} e6 {[%clk 01:09:14]}
{[%emt 00:01:42]} 13. Qc2 {[%clk 01:13:40]} {[%emt 00:02:03]} Ne7 {[%clk
01:09:28]} {[%emt 00:00:17]} 14. b4 {[%clk 00:53:19]} {[%emt 00:20:50]} Qc7
{[%clk 00:57:13]} {[%emt 00:12:45]} 15. Qe2 {[%clk 00:50:09]} {[%emt 00:03:39]}
a6 {[%clk 00:47:19]} {[%emt 00:26:36]} 16. Nbd2 {[%clk 00:45:14]} c5 {[%clk
00:36:27]} 17. bxc5 {[%clk 00:45:14]} Nxc5 {[%clk 00:36:27]} 18. c4 {[%clk
00:32:00]} {[%emt 00:16:50]} Nxd3 {[%emt 00:02:32]} 19. Qxd3 {[%clk 00:32:20]}
{[%emt 00:00:08]} Rd8 {[%clk 00:27:19]} {[%emt 00:06:04]} 20. Rc1 {[%clk
00:29:22]} {[%emt 00:03:27]} dxc4 {[%clk 00:23:14]} {[%emt 00:04:37]} 21. Qxc4
{[%clk 00:27:58]} {[%emt 00:01:53]} Qxc4 {[%clk 00:23:13]} {[%emt 00:00:31]}
22. Nxc4 {[%clk 00:27:57]} {[%emt 00:00:31]} O-O {[%clk 00:22:13]} {[%emt
00:01:31]} 23. Nd6 {[%clk 00:27:38]} {[%emt 00:00:48]} Rd7 {[%clk 00:21:17]}
{[%emt 00:01:25]} 24. Ke2 {[%clk 00:24:43]} {[%emt 00:03:27]} Nd5 {[%clk
00:20:55]} {[%emt 00:00:51]} 25. Be3 {[%clk 00:23:59]} {[%emt 00:01:14]} Nxe3
{[%clk 00:19:41]} {[%emt 00:01:45]} 26. Kxe3 {[%clk 00:24:20]} {[%emt
00:00:09]} Rfd8 {[%clk 00:19:53]} {[%emt 00:00:18]} 27. Rc8 {[%clk 00:21:58]}
{[%emt 00:02:52]} Rxd6 {[%clk 00:18:56]} {[%emt 00:01:27]} 28. exd6 {[%clk
00:19:11]} {[%emt 00:03:17]} Rxc8 {[%clk 00:19:05]} {[%emt 00:00:21]} 29. d7
{[%clk 00:18:00]} {[%emt 00:01:41]} Rd8 {[%clk 00:19:28]} {[%emt 00:00:07]} 30.
Rd1 {[%clk 00:18:08]} {[%emt 00:00:23]} Kf8 {[%clk 00:19:47]} {[%emt 00:00:12]}
31. Ke4 {[%clk 00:13:55]} {[%emt 00:04:40]} Ke7 {[%clk 00:19:58]} {[%emt
00:00:21]} 32. Ne5 {[%clk 00:13:48]} {[%emt 00:00:37]} Bxe5 {[%clk 00:19:42]}
{[%emt 00:00:46]} 33. Kxe5 {[%clk 00:13:55]} {[%emt 00:00:23]} Rxd7 {[%clk
00:20:04]} {[%emt 00:00:08]} 34. Rxd7 {[%clk 00:14:05]} {[%emt 00:00:21]} Kxd7
{[%clk 00:20:29]} {[%emt 00:00:05]} 35. Kf6 {[%clk 00:14:24]} {[%emt 00:00:10]}
Ke8 {[%clk 00:20:55]} {[%emt 00:00:04]} 36. f4 {[%clk 00:14:05]} {[%emt
00:00:50]} b5 {[%clk 00:21:15]} {[%emt 00:00:09]} 37. a3 {[%clk 00:14:16]}
{[%emt 00:00:19]} a5 {[%clk 00:21:33]} {[%emt 00:00:12]} 38. f5 {[%clk
00:14:39]} {[%emt 00:00:07]} exf5 {[%clk 00:21:48]} {[%emt 00:00:15]} 39. Ke5
{[%clk 00:15:01]} {[%emt 00:00:08]} b4 {[%clk 00:21:36]} {[%emt 00:00:42]} 40.
axb4 {[%clk 00:15:10]} {[%emt 00:00:22]} axb4 {[%clk 00:22:03]} {[%emt
00:00:03]} 41. Kd4 {[%clk 00:15:32]} {[%emt 00:00:07]} b3 {[%clk 00:22:27]}
{[%emt 00:00:06]} 42. Kc3 {[%clk 00:15:54]} {[%emt 00:00:08]} f4 {[%clk
00:22:44]} {[%emt 00:00:14]} 43. Kd4 {[%clk 00:16:16]} {[%emt 00:00:07]} b2
{[%clk 00:23:03]} {[%emt 00:00:11]} 44. Ke4 {[%clk 00:16:40]} {[%emt 00:00:06]}
b1=Q {[%clk 00:23:10]} {[%emt 00:00:22]} 45. Kxf4 {[%clk 00:17:05]} {[%emt
00:00:05]} Qe1 {[%clk 00:21:59]} {[%emt 00:01:41]} 46. Kf3 {[%clk 00:17:21]}
{[%emt 00:00:14]} Qxh4 {[%clk 00:22:04]} {[%emt 00:00:25]} 47. Ke3 {[%clk
00:17:41]} {[%emt 00:00:10]} Qxg5 {[%clk 00:22:05]} {[%emt 00:00:29]} 48. Kd4
{[%clk 00:18:03]} {[%emt 00:00:08]} h4 {[%clk 00:22:27]} {[%emt 00:00:08]} 49.
Ke4 {[%clk 00:18:27]} {[%emt 00:00:05]} h3 {[%clk 00:22:52]} {[%emt 00:00:05]}
50. Kd4 {[%clk 00:18:49]} {[%emt 00:00:08]} h2 {[%clk 00:23:13]} {[%emt
00:00:10]} 51. Kc3 {[%clk 00:19:06]} {[%emt 00:00:12]} Qf4 {[%clk 00:23:16]}
{[%emt 00:00:21]} 52. Kd3 {[%clk 00:19:29]} {[%emt 00:00:13]} h1=R {[%clk
00:23:34]} {[%emt 00:00:13]} 53. Ke2 {[%clk 00:19:45]} {[%emt 00:00:14]} Qg3
{[%clk 00:23:45]} {[%emt 00:00:19]} 54. Kd2 {[%clk 00:20:02]} {[%emt 00:00:13]}
Rh2 {[%clk 00:24:09]} {[%emt 00:00:06]} 55. Kd1 {[%clk 00:20:26]} {[%emt
00:00:06]} Qg1# {[%emt 00:00:06]} 0-1